Kỹ thuật trồng cà chua

Zapisane w:
Opis bibliograficzny
1. autor: TẠ THU CÚC
Format: Książka
Język:Undetermined
Wydane: H. Nông Nghiệp 2002
Hasła przedmiotowe:
Etykiety: Dodaj etykietę
Nie ma etykietki, Dołącz pierwszą etykiete!
Thư viện lưu trữ: Trung tâm Học liệu Trường Đại học Cần Thơ
LEADER 00441nam a2200169Ia 4500
001 CTU_52404
008 210402s9999 xx 000 0 und d
082 |a 635.642 
082 |b C506 
100 |a TẠ THU CÚC 
245 0 |a Kỹ thuật trồng cà chua 
245 0 |c Tạ Thu Cúc 
260 |a H. 
260 |b Nông Nghiệp 
260 |c 2002 
650 |a tomatoes 
980 |a Trung tâm Học liệu Trường Đại học Cần Thơ